Loreto College Library, Kolkata
WEBOPAC (ONLINE PUBLIC ACCESS CATALOGUE)

Indian Women, (Record no. 11347)

MARC details
000 -LEADER
fixed length control field 00610nam a2200205Ia 4500
005 - DATE AND TIME OF LATEST TRANSACTION
control field 20231202092310.0
008 - FIXED-LENGTH DATA ELEMENTS--GENERAL INFORMATION
fixed length control field 131103s9999 xx 000 0 und d
040 ## - CATALOGING SOURCE
Original cataloging agency Loreto College
041 ## - LANGUAGE CODE
Language code English
082 ## - DDC | ডিউই
Classification number | বর্গসংখ্যা 396
Book Number | গ্রন্থাঙ্ক JAI
245 ## - TITLE STATEMENT | অাখ্যা বিবরণী
Title | অাখ্যা Indian Women,
Statement of responsibility | লেখকের দায়িত্বের বিবরণ Edited by Devaki Jain
260 ## - IMPRINT | প্রকাশনা ক্ষেত্র
Place of publication | প্রকাশ স্থান [New Delhi]
Name of publisher | প্রকাশকের নাম Publications Divisions,Ministry of Information and Broadcasting,Govt. of India
Date of publication | প্রকাশ কাল 1975
300 ## - PHYSICAL DESCRIPTION |
Page / Vol. No | পৃষ্ঠা / খন্ড সংখ্যা xxvii,312 p.
630 ## - SUBJECT ADDED ENTRY--UNIFORM TITLE
Uniform title Indian Women - Social Conditions
650 ## - SUBJECT ADDED ENTRY--TOPICAL TERM | বিষয় শিরোনাম - মূল বিষয়
Topical term | মূল বিষয় Women - Social Conditions
651 ## - SUBJECT ADDED ENTRY--GEOGRAPHIC NAME | বিষয় শিরোনাম - ভৌগলিক নাম
Geographic name | ভৌগলিক বিষয় Women Studies
700 ## - ADDED ENTRY--PERSONAL NAME | অতিরিক্ত সংলেখ - ব্
Personal name | ব্যাক্তিনাম Jain,Devaki,ed.
850 ## - HOLDING INSTITUTION
Holding institution LCLIB
942 ## - ADDED ENTRY ELEMENTS (KOHA)
Koha item type Books
Holdings
Withdrawn status Lost status Source of classification Damaged status Not for loan Home library Current library Date acquired Total Checkouts Full call number Accession No. Date last seen Date checked out Price effective from Koha item type Coded location qualifier
    Dewey Decimal Classification     Loreto College Loreto College 04/11/2013 1 396 JAI 23406 B11242 08/08/2018 02/04/2016 04/11/2013 Books